Matlab Programming For Engineers (Record no. 319492)
[ view plain ]
| 000 -LEADER | |
|---|---|
| fixed length control field | 00427nam a2200157Ia 4500 |
| 008 - FIXED-LENGTH DATA ELEMENTS--GENERAL INFORMATION | |
| fixed length control field | 230718s9999 xx 000 0 und d |
| 041 ## - LANGUAGE CODE | |
| Language code of text/sound track or separate title | eng |
| 082 ## - DEWEY DECIMAL CLASSIFICATION NUMBER | |
| Classification number | 519.40285'513 |
| Item number | CHA |
| 100 ## - MAIN ENTRY--PERSONAL NAME | |
| Personal name | Chapman S. J. |
| 9 (RLIN) | 136993 |
| 245 ## - TITLE STATEMENT | |
| Title | Matlab Programming For Engineers |
| 250 ## - EDITION STATEMENT | |
| Edition statement | 3rd ed. |
| 260 ## - PUBLICATION, DISTRIBUTION, ETC. (IMPRINT) | |
| Name of publisher, distributor, etc. | Delmar Ceneage Learning |
| 365 ## - TRADE PRICE | |
| Currency code | Rs. |
| Price amount | 353.00 |
| 700 ## - ADDED ENTRY--PERSONAL NAME | |
| Personal name | Chapman S. J. |
| 9 (RLIN) | 136993 |
| 906 ## - LOCAL DATA ELEMENT F, LDF (RLIN) | |
| d | B:37608-Oct-2008 |
| c | ETC |
| b | 70.6 |
| Withdrawn status | Lost status | Damaged status | Not for loan | Home library | Current library | Date acquired | Vendor | Budget Code | Cost, normal purchase price | Bill number | Total Checkouts | Full call number | Barcode | Date last seen | Discount | Cost, replacement price | Bill Date | Koha item type | Original Barcode |
|---|---|---|---|---|---|---|---|---|---|---|---|---|---|---|---|---|---|---|---|
| Cummins College of Engineering for Women Pune | Cummins College of Engineering for Women Pune | 21/10/2008 | Om Book Stall | ETC | 282.40 | 376 | 519.40285'513 | CCEP-BK-30699 | 18/07/2023 | 70.6 | 353.00 | 08/10/2008 | Books | 030699 |